Preconceito e discriminação : queixas de ofensas e tratamento desigual dos negros no Brasil /
Disimpan dalam:
| Pengarang Utama: | |
|---|---|
| Format: | Buku |
| Bahasa: | Portuguese |
| Diterbitkan: |
São Paulo :
Ed. 34 : FUSP,
2004.
|
| Edisi: | 2. ed. |
| Subjek-subjek: | |
| Penanda-penanda: |
Tambah Penanda
Tiada Penanda, Jadilah orang pertama menanda rekod ini!
|
| LEADER | 00967cam a22003014a 4500 | ||
|---|---|---|---|
| 001 | 009683064-6 | ||
| 005 | 20090826145055.0 | ||
| 008 | 061013s2004 bl b 000 0 por c | ||
| 020 | |a 8573263180 | ||
| 020 | |a 9788573263183 | ||
| 035 | 0 | |a ocm85771113 | |
| 040 | |a PUL |c PUL |d OCLCG | ||
| 042 | |a pcc | ||
| 043 | |a s-bl--- | ||
| 050 | 4 | |a F2659.N4 |b G85 2004 | |
| 100 | 1 | |a Guimarães, Antônio Sérgio A. |q (Antônio Sérgio Alfredo) | |
| 245 | 1 | 0 | |a Preconceito e discriminação : |b queixas de ofensas e tratamento desigual dos negros no Brasil / |c Antonio Sérgio Alfredo Guimarães. |
| 250 | |a 2. ed. | ||
| 260 | |a São Paulo : |b Ed. 34 : |b FUSP, |c 2004. | ||
| 300 | |a 155 p. ; |c 21 cm. | ||
| 504 | |a Includes bibliographical references (p. 153-154). | ||
| 650 | 0 | |a Blacks |z Brazil |x Social conditions. | |
| 650 | 0 | |a Blacks |x Press coverage |z Brazil. | |
| 650 | 0 | |a Racism |z Brazil. | |
| 651 | 0 | |a Brazil |x Race relations. | |
| 988 | |a 20050601 | ||
| 049 | |a HLSS | ||
| 906 | |0 OCLC | ||


